000 00881nam a2200289 a 4500
001 000012519
003 DO-SdBNP
005 20211008134914.0
007
008 091113s2017 dr 001 0 spa d
020 _z9789945489255
040 _aBPMSU
_bspa
_cBPMSU
082 _aRD863.44
_bH557m 2017
_222
100 1 _aHernández, Ángela
_d1954-
245 1 0 _aMudanza de los sentidos /
_cÁngela Hernández.
260 _aSanto Domingo :
_bSantuario,
_c2017
300 _a123 p. :
_bil., retrs.
_c22 cm.
500 _aIncluye datos biográfioos de la autoria en la solapa de la cubierta
586 _aPremio Nacional de Literatura 2016
590 _6Inventariado, 2021/VM
650 4 _aNovela dominicana
650 4 _aLiteratura dominicana
910 _a VMateo V.
942 _2ddc
_cBK
945 _aInventariado /2018 VM
956 _aVMATEO
_b10
_c201708003
_lBPMUSU
_h0069
999 _c13778
_d13778